Магнитные материалы и их техническое применение: Сокращенный перевод с немецкого

Chi tiết về thư mục
Tác giả chính: Хек К. Карл
Ngôn ngữ:Tiếng Nga
Được phát hành: Москва, Энергия, 1973
Những chủ đề:
Định dạng: Sách
KOHA link:https://koha.lib.tpu.ru/cgi-bin/koha/opac-detail.pl?biblionumber=38206

MARC

LEADER 00000nam0a2200000 4500
001 38206
005 20231031005147.0
035 |a (RuTPU)RU\TPU\book\38889 
090 |a 38206 
100 |a 20020226d1973 km y0rusy50 ca 
101 1 |a rus  |c ger 
102 |a RU 
105 |a a z 001zy 
200 1 |a Магнитные материалы и их техническое применение  |e Сокращенный перевод с немецкого  |f К. Хек 
210 |a Москва  |c Энергия  |d 1973 
215 |a 303 с.  |c ил. 
320 |a Библиогр.: с. 272-295. 
320 |a Алф. указ.: с. 296-300. 
610 1 |a магнитные материалы 
610 1 |a применение 
610 1 |a свойства 
675 |a 621.318.1  |v 3 
700 1 |a Хек  |b К.  |g Карл 
801 1 |a RU  |b 63413507  |c 20020226  |g PSBO 
801 2 |a RU  |b 63413507  |c 20131127  |g PSBO 
942 |c BK